The rise & fall of development theory (Record no. 1994)

000 -LEADER
fixed length control field 00701nam a22002177a 4500
003 - CONTROL NUMBER IDENTIFIER
control field OSt
005 - DATE AND TIME OF LATEST TRANSACTION
control field 20151112193455.0
008 - FIXED-LENGTH DATA ELEMENTS--GENERAL INFORMATION
fixed length control field 151112b xxu||||| |||| 00| 0 eng d
020 ## - INTERNATIONAL STANDARD BOOK NUMBER
International Standard Book Number 0253330831
050 ## - LIBRARY OF CONGRESS CALL NUMBER
Classification number HC800 .L485 1996
100 ## - MAIN ENTRY--PERSONAL NAME
Personal name Leys, Colin.
245 ## - TITLE STATEMENT
Title The rise & fall of development theory
Statement of responsibility, etc Colin Leys
260 ## - PUBLICATION, DISTRIBUTION, ETC. (IMPRINT)
Place of publication, distribution, etc Nairobi : EAEP
Name of publisher, distributor, etc Indiana University Press
Date of publication, distribution, etc 1996
300 ## - PHYSICAL DESCRIPTION
Extent viii, 205 p
Dimensions 25 cm.
504 ## - BIBLIOGRAPHY, ETC. NOTE
Bibliography, etc Includes bibliographical references and index.
505 ## - FORMATTED CONTENTS NOTE
Formatted contents note http://www.loc.gov/catdir/toc/fy0716/95039293.html
650 ## - SUBJECT ADDED ENTRY--TOPICAL TERM
Topical term or geographic name as entry element Development economics.
650 ## - SUBJECT ADDED ENTRY--TOPICAL TERM
Topical term or geographic name as entry element Economic development.
650 ## - SUBJECT ADDED ENTRY--TOPICAL TERM
Topical term or geographic name as entry element Africa, Sub-Saharan--Economic conditions--1960-
942 ## - ADDED ENTRY ELEMENTS (KOHA)
Source of classification or shelving scheme
Koha item type Book
Holdings
Withdrawn status Lost status Source of classification or shelving scheme Damaged status Not for loan Home library Current library Shelving location Date acquired Total Checkouts Full call number Barcode Date last seen Date checked out Copy number Price effective from Koha item type
          Riara University Library Riara University Library General stack 12/11/2015 1 HC800 .L485 1996 6652/15 03/05/2018 06/02/2018 C.1 12/11/2015 Book
          Riara University Library Riara University Library General stack 12/11/2015 5 HC800 .L485 1996 6653/15 10/12/2024 16/11/2023 C.2 12/11/2015 Book
          Riara University Library Riara University Library General stack 12/11/2015   HC800 .L485 1996 6654/15 12/11/2015   C.3 12/11/2015 Book

Riara University Library,
P.O. Box 49940-00100,
Nairobi, Kenya.